| 000 -LEADER |
| fixed length control field |
00581cam a2200193 a 4500 |
| 020 ## - INTERNATIONAL STANDARD BOOK NUMBER |
| ISBN |
9780073403472 (hard copy : alk. paper) |
| 020 ## - INTERNATIONAL STANDARD BOOK NUMBER |
| ISBN |
0073403474 (hard copy : alk. paper) |
| 020 ## - INTERNATIONAL STANDARD BOOK NUMBER |
| ISBN |
9780071315548 (pbk.) |
| 020 ## - INTERNATIONAL STANDARD BOOK NUMBER |
| ISBN |
0071315543 (pbk.) |
| 040 ## - CATALOGING SOURCE |
| Transcribing agency |
DLC |
| 082 00 - DEWEY DECIMAL CLASSIFICATION NUMBER |
| Classification number |
570 MCG 2012 A081 Or. |
| 100 1# - MAIN ENTRY--AUTHOR NAME |
| Personal name |
Hoefnagels, Mariëlle. |
| 245 10 - TITLE STATEMENT |
| Title |
Biology : |
| Remainder of title |
concepts and investigations / |
| 250 ## - EDITION STATEMENT |
| Edition statement |
2nd ed. |
| 260 ## - PUBLICATION, DISTRIBUTION, ETC. (IMPRINT) |
| Place of publication |
New York : |
| Name of publisher |
McGraw-Hill, |
| Year of publication |
c2012. |
| 300 ## - PHYSICAL DESCRIPTION |
| Number of Pages |
xxxvii, 820, [54] p. : |
| Other physical details |
ill. (some col.), col. maps ; |
| Dimensions |
28 cm. |
| 650 #0 - SUBJECT ADDED ENTRY--TOPICAL TERM |
| Topical Term |
Biology |
| 942 ## - ADDED ENTRY ELEMENTS (KOHA) |
| Koha item type |
សៀវភៅភាសាអង់គ្លេស |
| 952 ## - LOCATION AND ITEM INFORMATION (KOHA) |
| Withdrawn status [LOCAL, KOHA] |
0 |